| 000 | 00662nam a22002055i 4500 | ||
|---|---|---|---|
| 001 | 164127 | ||
| 003 | ES-MaACL | ||
| 005 | 20230906212857.0 | ||
| 008 | 050726s1872 gw | |||||||| ||eng d | ||
| 040 |
_aCAM _bspa _cCAM |
||
| 100 | 1 |
_aRuffini, John. _9132166 |
|
| 245 | 1 | 0 |
_aCarlino and other stories / _cby John Ruffini. |
| 260 |
_aLeipzig : _bBernhard Tauchnitz, _c1872. |
||
| 300 |
_a288 p. ; _c16 cm. |
||
| 490 | 1 |
_aCollection of british authors ; _v1243 |
|
| 752 |
_aAlemania - _dLeipzig |
||
| 830 | 0 |
_aCollection of british authors ; _v1243 _9180703 |
|
| 852 |
_aES-MaACL _jG-12010 _z-- Enc. hol. conservando la cub. original |
||
| 999 |
_c164127 _d164127 |
||